The Soviet Union and the third world (Record no. 298578)

000 -LEADER
fixed length control field 00280 a2200121 4500
001 - CONTROL NUMBER
control field 63505
082 ## - DEWEY DECIMAL CLASSIFICATION NUMBER
Classification number 327.4701724 KOR
090 ## - LOCALLY ASSIGNED LC-TYPE CALL NUMBER (OCLC); LOCAL CALL NUMBER (RLIN)
-- 37519
-- 37519
100 ## - MAIN ENTRY--PERSONAL NAME
Personal name Korbonski, A
245 ## - TITLE STATEMENT
Title The Soviet Union and the third world
260 ## - PUBLICATION, DISTRIBUTION, ETC.
Name of publisher, distributor, etc. PAF Book Club
300 ## - PHYSICAL DESCRIPTION
Extent 318p
942 ## - ADDED ENTRY ELEMENTS (KOHA)
Institution code [OBSOLETE] CAE NUST
Call number prefix 327.4701724 KOR
Holdings
Withdrawn status Lost status Damaged status Not for loan Collection code Permanent Location Current Location Date acquired Total Checkouts Full call number Barcode Date last seen Price effective from Koha item type
          College of Aeronautical Engineering (CAE) College of Aeronautical Engineering (CAE) 04/03/2017   327.4701724 KOR CAEG-5434a 04/05/2017 04/05/2017 Book
© 2023 Central Library, National University of Sciences and Technology. All Rights Reserved.